000 00718nam a22002177a 4500
005 20251108165825.0
008 250721s1980 xx 000 0 ara d
082 1 4 _aم/551.503/مجم
100 1 _aشحادة، نعمان
_eحقق
245 1 0 _aمصطلحات الأرصاد الجوية /
264 1 _aعمان :
_bمجمع اللغة العربية الأردني،
_c1980.
300 _a27ص
650 1 7 _aالأرضاد الجوية
650 1 7 _aالقواميس
650 1 7 _aمصطلحات
700 1 _aعبندة، علي إبراهيم
700 1 _aشاكر، رفيق جميل
710 2 _aمجمع اللغة العربية الأردني
_eتأليف
942 _2ddc
_cREF
999 _c32195
_d32195